FC Ingolstadt 04 Kader 25/26 - Statistiken

Allgemein
  • Dieses Quiz wurde 4 mal gespielt
  • Das Durchschnittsergebnis liegt bei 18 aus 26
Antwortstatistiken
Position Player % Korrekt
TW Kai Eisele
100%
DM Lukas Fröde
100%
AM Marcel Costly
100%
TW Markus Ponath
100%
ST Ognjen Drakulic
100%
AV Yannick Deichmann
100%
TW David Klein
75%
AM Dennis Kaygin
75%
IV Georgios Antzoulas
75%
AV Linus Rosenlöcher
75%
AV Mattis Hoppe
75%
ZM Max Besuschkow
75%
DM Max Plath
75%
IV Simon Lorenz
75%
AM Yann Sturm
75%
AM Emilio Kehrer
50%
DM Emre Gül
50%
ZM Frederik Carlsen
50%
ST Frederik Christensen
50%
AV Gustav Christensen
50%
IV Jasper Maljojoki
50%
IV Jonas Scholz
50%
ST Julian Kügel
50%
ST Mason Toye
50%
ZM Berkay Öztürk
25%
IV Donald Nduka
25%
Keine übereinstimmenden Quizze gefunden
Verteilung der Resultate
Anzahl Personen mit jedem Resultat
Perzentil nach korrekt beantworteten Fragen
Ihre Resultats-Entwicklung
Sie haben dieses Quiz noch nicht gespielt